| 000 | nam a22 a 4500 | ||
|---|---|---|---|
| 999 |
_c499 _d499 |
||
| 005 | 20170504095639.0 | ||
| 008 | 170504t2014 -us||||| |||| 00| 0 eng d | ||
| 020 | _a9781412998642 | ||
| 040 | _aAKMAL | ||
| 082 | _a300.721 LIC | ||
| 090 |
_a300.721 _bLIC |
||
| 100 | 1 | 0 |
_aLichtman, Marilyn. _91130 |
| 245 | 1 | 0 |
_aQualitative research for the social sciences / _cMarilyn Lichtman, Virginia Tech. |
| 260 |
_aThousand Oaks, California : _bSAGE Publications, Inc., _c[2014] |
||
| 300 |
_axxvii, 418 pages : _billustrations ; _c23cm |
||
| 500 | _aFormerly CIP. Uk | ||
| 504 | _aIncludes bibliographical references and index. | ||
| 599 | _aDALAM PROSES | ||
| 650 | 0 |
_aQualitative research. _91131 |
|
| 650 | 0 |
_aSocial sciences _xResearch _xMethodology. _91132 |
|
| 942 |
_2ddc _cBOOK |
||
| 950 | _lAKMAL | ||